music trivia: 1990 albums and artists - Statistics

General Stats
  • This quiz has been taken 43 times
    34 since last reset
  • The average score is 5 of 15
Answer Stats
Albums Artists % Correct
Please Hammer, Don't Hurt 'Em MC Hammer
77%
Blaze of Glory Bon Jovi
74%
I'm Your Baby Tonight Whitney Houston
52%
I Do Not Want What I Haven't Got Sinead O'Connor
48%
Fear of a Black Planet Public Enemy
42%
Ritual de lo Habitual Jane's Addiction
29%
Graffiti Bridge Prince
29%
Shake Your Moneymaker The Black Crowes
26%
No Fences Garth Brooks
23%
Goo Sonic Youth
23%
Bellybutton Jellyfish
13%
I'm Breathless Madonna
13%
Heaven or Las Vegas Cocteau Twins
10%
Dear 23 The Posies
6%
Flood They Might Be Giants
6%
No matching quizzes found
Score Distribution
Percent of People with Each Score
Percentile by Number Answered
Your Score History
You have not taken this quiz since the last reset